Estudio evaluativo de la formación TIC del profesorado de los colegios públicos rurales (CPR) de la comunidad autónoma andaluza (Record no. 169700)

MARC details
000 -CABECERA
campo de control de longitud fija 00779nab a2200241 a 4500
005 - FECHA Y HORA DE LA ÚLTIMA TRANSACCIÓN
campo de control 20210219162102.0
008 - ELEMENTOS DE LONGITUD FIJA--INFORMACIÓN GENERAL
campo de control de longitud fija 991125s1985 mx 000 0 spa u
035 ## - NÚMERO DE CONTROL DEL SISTEMA
Número de control de sistema UPN01000197599
049 ## - COLECCIÓN
Colección ART
100 1# - ASIENTO PRINCIPAL--NOMBRE PERSONAL
Nombre de persona Sola Martínez, Tomás
222 ## - TÍTULO CLAVE
Título clave REVISTA DE CIENCIAS DE LA EDUCACION
245 ## - MENCIÓN DE TÍTULO
Título Estudio evaluativo de la formación TIC del profesorado de los colegios públicos rurales (CPR) de la comunidad autónoma andaluza
260 ## - PUBLICACIÓN, DISTRIBUCIÓN, ETC.
Lugar de publicación, distribución, etc. Madrid, España
300 ## - DESCRIPCIÓN FÍSICA
Extensión 355-382
362 0# - FECHAS DE PUBLICACIÓN Y/O DESIGNACIÓN SECUENCIAL
Fecha de publicación y/o designación secuencial 2013 No. 235, jul.-sept.
653 0# - TERMINO DE INDIZACION - NO CONTROLADO
Término no controlado FORMACION DOCENTE
653 0# - TERMINO DE INDIZACION - NO CONTROLADO
Término no controlado TICS
653 0# - TERMINO DE INDIZACION - NO CONTROLADO
Término no controlado EDUCACION RURAL
653 0# - TERMINO DE INDIZACION - NO CONTROLADO
Término no controlado ANDALUCIA, ESPAÑA
700 1# - ASIENTO SECUNDARIO--NOMBRE DE PERSONAL
Nombre de persona Raso Sánchez, Francisco,
Término indicativo de función/relación coaut.
700 1# - ASIENTO SECUNDARIO--NOMBRE DE PERSONAL
Nombre de persona Hinojo Lucena, Francisco Javier,
Término indicativo de función/relación coaut.
905 ## - TIPO DE MATERIAL
Tipo de material Articulo

No items available.